000
00354nam a2200145Ia 4500
008
090123s9999 xx 000 0 und d
082
_b
37926
245
_a
सुगंध
250
_a
1
260
_b
जगताप कारले प्रकाशन
300
_a
75
630
_a
सुगंध
730
_a
सुगंध
942
_c
BOOK
999
_c
75998
_d
75998